[Event "SVK-ch op-A"]
[Site "Banska Stiavnica"]
[Date "2012.07.08"]
[Round "2"]
[White "Siktanc, Petr"]
[Black "Bokros, Albert"]
[Result "0-1"]
[WhiteElo "2183"]
[BlackElo "2454"]
[PlyCount "80"]
[EventDate "2012.07.07"]
[EventType "swiss"]
[EventRounds "9"]
[EventCountry "SVK"]
[SourceTitle "CBM 149 Extra"]
[Source "ChessBase"]
[SourceDate "2012.08.24"]
[SourceVersion "1"]
[SourceVersionDate "2012.08.24"]
[SourceQuality "1"]

1. d4 c5 2. e3 Nf6 3. Nf3 e6 4. Bd3 b6 5. 0-0 Bb7 6. c4 Be7 7. Nc3 cxd4 8. exd4 0-0 9. b3 d5 10. Bb2 Nc6 11. Rc1 Rc8 12. Re1 dxc4 13. bxc4 Re8 14. d5 Nb4 15. Bf1 exd5 16. a3 Na6 17. cxd5 Nc7 18. Nb5 Ncxd5 19. Nxa7 Rxc1 20. Qxc1 Bc5 21. Ne5 h6 22. Nb5 Nh5 23. Nd3 Bf8 24. Rxe8 Qxe8 25. Nc7 Qe4 26. Nxd5 Bxd5 27. Qc7 Bc4 28. Qd8 b5 29. Bc3 Nf6 30. Bb4 Ne8 31. Bxf8 Kxf8 32. h3 g6 33. Kh2 Kg7 34. Kg1 Kh7 35. Qd7 Ng7 36. Qd8 Nf5 37. Qd7 h5 38. Qd8 Qe6 39. g3 Qe4 40. Nc5 Qe1 0-1

[Event "SVK-ch op-A"]
[Site "Banska Stiavnica"]
[Date "2010.07.13"]
[Round "4"]
[White "Siktanc, Petr"]
[Black "Petran, Peter"]
[Result "0-1"]
[WhiteElo "2148"]
[BlackElo "2339"]
[PlyCount "100"]
[EventDate "2010.07.10"]
[EventType "swiss"]
[EventRounds "9"]
[EventCountry "SVK"]
[SourceTitle "CBM 137 Extra"]
[Source "ChessBase"]
[SourceDate "2010.09.01"]
[SourceVersion "1"]
[SourceVersionDate "2010.09.01"]
[SourceQuality "1"]

1. d4 g6 2. c3 Bg7 3. Nf3 d6 4. e4 Nd7 5. Bd3 e5 6. 0-0 Ngf6 7. Re1 0-0 8. b3 b6 9. Bb2 Re8 10. Nbd2 a6 11. Rc1 Nh5 12. Nc4 b5 13. Ncd2 c5 14. Qc2 Bb7 15. d5 Bh6 16. Ra1 Nb6 17. a4 Qd7 18. axb5 axb5 19. g3 Ng7 20. Nh4 Rf8 21. Rxa8 Rxa8 22. Ra1 Rxa1+ 23. Bxa1 Ba6 24. Nf1 c4 25. Be2 cxb3 26. Qxb3 Na4 27. c4 Nc5 28. Qa3 b4 29. Qxb4 Nxe4 30. Qb6 Bb7 31. Ne3 f5 32. Bb2 Ne8 33. Ba3 Qc7 34. Qxc7 Nxc7 35. Nhxf5 gxf5 36. Nxf5 Bf8 37. Bd3 Nc5 38. Bxc5 dxc5 39. Kg2 Ne8 40. Kf3 Nd6 41. Nxd6 Bxd6 42. Ke3 Bc8 43. h4 Kg7 44. f3 h5 45. Be4 Kf6 46. Kd3 Bc7 47. Ke2 Ba5 48. Kd1 Ba6 49. Bd3 e4 50. fxe4 Bc7 0-1

[Event "SVK-ch op-A"]
[Site "Banska Stiavnica"]
[Date "2010.07.12"]
[Round "3"]
[White "Smolen, Jan"]
[Black "Siktanc, Petr"]
[Result "0-1"]
[WhiteElo "2401"]
[BlackElo "2148"]
[PlyCount "82"]
[EventDate "2010.07.10"]
[EventType "swiss"]
[EventRounds "9"]
[EventCountry "SVK"]
[SourceTitle "CBM 137 Extra"]
[Source "ChessBase"]
[SourceDate "2010.09.01"]
[SourceVersion "1"]
[SourceVersionDate "2010.09.01"]
[SourceQuality "1"]

1. d4 e6 2. Nf3 f5 3. g3 Nf6 4. Bg2 d5 5. Bf4 Be7 6. c4 c6 7. 0-0 0-0 8. Nc3 Qe8 9. Rc1 Kh8 10. cxd5 exd5 11. Ne5 Nbd7 12. Nd3 Ne4 13. f3 Nxc3 14. bxc3 g5 15. Bd2 Bf6 16. f4 g4 17. Ne5 Nb6 18. Re1 Be6 19. a4 Nc8 20. c4 dxc4 21. Bb4 Be7 22. Bc3 Bf6 23. e4 Bxe5 24. exf5 Rxf5 25. dxe5 Rf7 26. Rb1 Rb8 27. h3 gxh3 28. Bxh3 Rg7 29. Kh2 Nb6 30. f5 Rd8 31. Qc2 Rd3 32. fxe6 Rdxg3 33. Bg2 Rxc3 34. Qf5 Rg6 35. a5 Rcg3 36. Bh3 Nd5 37. Rxb7 Qg8 38. Rb2 Rh6 39. Reb1 Rhxh3+ 40. Qxh3 Rxh3+ 41. Kxh3 Qxe6+ 0-1

[Event "Ricany op-A"]
[Site "Ricany"]
[Date "2008.08.28"]
[Round "7"]
[White "Vevera, Radek"]
[Black "Siktanc, Petr"]
[Result "1-0"]
[WhiteElo "2090"]
[BlackElo "2197"]
[PlyCount "41"]
[EventDate "2008.08.23"]
[EventType "swiss"]
[EventRounds "9"]
[EventCountry "CZE"]
[SourceTitle "CBM 126 Extra"]
[Source "ChessBase"]
[SourceDate "2008.11.05"]
[SourceVersion "1"]
[SourceVersionDate "2008.11.05"]
[SourceQuality "1"]

1. e4 e6 2. d4 d5 3. Nc3 Nc6 4. Nf3 Nf6 5. Bg5 Be7 6. e5 Ne4 7. Bxe7 Qxe7 8. Bd3 Qb4 9. 0-0 Nxc3 10. bxc3 Qxc3 11. Rb1 b6 12. Rb3 Qa5 13. c4 Nb4 14. cxd5 Nxd3 15. dxe6 Bxe6 16. Rxd3 0-0-0 17. Qc1 Kb8 18. Rc3 Rd7 19. Qe3 h6 20. a3 Rhd8 21. Rfc1 1-0

[Event "Ricany op-A"]
[Site "Ricany"]
[Date "2008.08.24"]
[Round "3"]
[White "Pataridis, Janis"]
[Black "Siktanc, Petr"]
[Result "1-0"]
[WhiteElo "2000"]
[BlackElo "2197"]
[PlyCount "29"]
[EventDate "2008.08.23"]
[EventType "swiss"]
[EventRounds "9"]
[EventCountry "CZE"]
[SourceTitle "CBM 126 Extra"]
[Source "ChessBase"]
[SourceDate "2008.11.05"]
[SourceVersion "1"]
[SourceVersionDate "2008.11.05"]
[SourceQuality "1"]

1. e4 e6 2. Nc3 d5 3. d4 Nf6 4. Bg5 dxe4 5. Bxf6 gxf6 6. Nxe4 f5 7. Ng3 c5 8. Nf3 Nc6 9. Qd2 Qb6 10. 0-0-0 cxd4 11. Bc4 h5 12. Nxf5 Qc5 13. N3xd4 e5 14. Nxc6 Bxf5 15. Qd8+ 1-0

[Event "Prague-ch 3rd lag"]
[Site "Prague"]
[Date "2006.04.20"]
[Round "2"]
[White "Siktanc, Petr"]
[Black "Tejkal, Jiri"]
[Result "1-0"]
[WhiteElo "2165"]
[BlackElo "2080"]
[PlyCount "69"]
[EventDate "2006.04.13"]
[EventType "swiss"]
[EventRounds "7"]
[EventCountry "CZE"]
[SourceTitle "EXT 2008"]
[Source "ChessBase"]
[SourceDate "2007.11.25"]
[SourceVersion "1"]
[SourceVersionDate "2007.11.25"]
[SourceQuality "1"]

1. e4 c5 2. g3 g6 3. Bg2 Bg7 4. d3 Nc6 5. f4 d6 6. Nc3 e6 7. Nf3 Nge7 8. 0-0 0-0 9. Be3 Nd4 10. e5 Nef5 11. Bf2 Nxf3+ 12. Bxf3 Nd4 13. Bg2 dxe5 14. fxe5 Bxe5 15. Ne4 Nc6 16. c3 b6 17. Nxc5 Qc7 18. Qf3 bxc5 19. Qxc6 Qxc6 20. Bxc6 Rb8 21. Bxc5 Rd8 22. d4 Bd6 23. b4 Bxc5 24. dxc5 Ba6 25. Rfd1 Bc4 26. Bd7 Rb7 27. c6 Rc7 28. a4 a6 29. Rd4 Bd5 30. b5 Rb8 31. c4 Bf3 32. Kf2 e5 33. Kxf3 exd4 34. Ke4 Kf8 35. Kd5 1-0

[Event "Prague-ch 3rd lag"]
[Site "Prague"]
[Date "2006.04.13"]
[Round "1"]
[White "Jansa, Vaclav"]
[Black "Siktanc, Petr"]
[Result "0-1"]
[WhiteElo "2073"]
[BlackElo "2165"]
[PlyCount "106"]
[EventDate "2006.04.13"]
[EventType "swiss"]
[EventRounds "7"]
[EventCountry "CZE"]
[SourceTitle "EXT 2008"]
[Source "ChessBase"]
[SourceDate "2007.11.25"]
[SourceVersion "1"]
[SourceVersionDate "2007.11.25"]
[SourceQuality "1"]

1. e4 e6 2. d3 d5 3. Nd2 Nf6 4. Ngf3 b6 5. g3 dxe4 6. dxe4 Bb7 7. Bb5+ c6 8. Bd3 Nbd7 9. Nb3 Be7 10. Qe2 c5 11. 0-0 Qc7 12. Nbd2 0-0 13. b3 Ng4 14. Bb2 Nde5 15. Nxe5 Nxe5 16. Ba6 Bxa6 17. Qxa6 Rfd8 18. Qe2 Rxd2 19. Bxe5 Rxe2 20. Bxc7 Rc8 21. Bf4 g5 22. Be3 Rxc2 23. Rfd1 Rc7 24. h3 Bf6 25. Rac1 Rxa2 26. Rd3 Kf8 27. Kg2 a5 28. Kf3 Ra3 29. Rc4 Kg7 30. Kg4 Kg6 31. f4 h5+ 32. Kf3 a4 33. Rxa4 Rxa4 34. bxa4 c4 35. Rd2 c3 36. Rc2 Rc6 37. e5 Be7 38. Ke2 h4 39. g4 gxf4 40. Bxf4 Rc4 41. Kf3 Bg5 42. Be3 Bxe3 43. Kxe3 Kg5 44. Kf3 f6 45. exf6 Kxf6 46. Ke3 Kg5 47. Kf3 e5 48. Ke3 e4 49. Rc1 c2 50. Kd2 Kf4 51. Rf1+ Kg3 52. g5 e3+ 53. Kc1 e2 0-1